| 000 | 00935nas a2200301 4500 | ||
|---|---|---|---|
| 001 | BR2013008398 | ||
| 003 | BR-BrBNA | ||
| 005 | 20231205123130.0 | ||
| 007 | ta | ||
| 008 | 230509b bl.|||p| |||| 00| 00por d | ||
| 040 |
_aBR-BrBNA _bpor _cBiblioteca Nacional de Agricultura |
||
| 041 | _a(Pt) | ||
| 072 | _aF30; P34 | ||
| 100 | 1 | _aRosseto, P. | |
| 100 | 1 | _aUrcoviche, R.C. | |
| 100 | 1 | _aOliveira, J.R. | |
| 100 | 1 | _aAlberton, O. | |
| 245 | 1 | _aDensidades de esporos de fungos micorrizicos arbusculares do banco de germoplasma de Glomales da Unipar | |
| 650 | _aMICORRIZA | ||
| 650 | _aBANCO DE GERMOPLASMA | ||
| 650 | _aESPORO | ||
| 650 | _aPLANTA | ||
| 650 | _aINOCULAÇÃO | ||
| 650 | _aSIMBIOSE | ||
| 773 | 0 |
_tArquivos de Ciências Veterinárias e Zoologia da Unipar (Brazil) _xISSN 1415-8167 _g(Jan-Jun 2012), v. 15(1) p. 43-47 _wBR2013008398 |
|
| 909 |
_a202311 _bLúcia _c55 _dLúcia Elande |
||
| 942 |
_2AGRIS _n0 _cANA |
||
| 999 |
_c232332 _d232332 |
||